000 00307nam a22001337a 4500
008 171101b xxu||||| |||| 00| 0 eng d
020 _a9780470744796
041 _aeng
080 _25 ED
_a33
100 _a59
101 _aBUS
245 _aRESEARCH METHODS FOR BSSINESS
_cROGER.B
942 _2udc
_cBK
999 _c36929
_d36929